00546cam a2200181ua 45000010005000000080039000050200022000440200022000660400009000880820013000971000027001102450049001372500079001862600040002653000016003056530014003216530029003355475121010n ii |||gr||||Z||||||eng a81-7033-481-0(pb) a81-7033-205-2(hc) cMAIN a305.5122 aSharma, K.L.,eEditor.11aCaste and class in Indiaced. by K.L. Sharma bPublished on behalf of Training for development Scholarship Society, Pune. aJaipur:bRawat publications,c2005. aviii, 442p. aSociology aCaste and class in India